| Tag |
First Indicator |
Second Indicator |
Subfields |
| LEADER |
00000cam a2200000 4500 |
| 001 |
in00000050870 |
| 005 |
20151007073930.0 |
| 008 |
800611s1923 enk 00010 eng |
| 010 |
|
|
|a 23009914
|
| 035 |
|
|
|a (OCoLC)06405727
|
| 035 |
|
|
|9 AAF0642AM
|
| 040 |
|
|
|a DLC
|c TXA
|d UtOrBLW
|
| 049 |
|
|
|a TXAM
|c [21795]
|
| 050 |
|
0 |
|a HD583
|b .D6
|
| 092 |
|
|
|a 630.9
|b D73m
|
| 100 |
1 |
|
|a Douglas-Irvine, Helen.
|
| 245 |
1 |
4 |
|a The making of rural Europe /
|c by Helen Douglas Irvine.
|
| 264 |
|
1 |
|a London :
|b G. Allen & Unwin ltd.,
|c [1923]
|
| 300 |
|
|
|a 224 pages ;
|c 21 cm.
|
| 336 |
|
|
|a text
|b txt
|2 rdacontent
|
| 337 |
|
|
|a unmediated
|b n
|2 rdamedia
|
| 338 |
|
|
|a volume
|b nc
|2 rdacarrier
|
| 650 |
|
0 |
|a Land tenure
|z Europe.
|
| 650 |
|
0 |
|a Peasants
|z Europe.
|
| 999 |
|
|
|a MARS
|
| 999 |
f |
f |
|s 172e9764-0962-3e01-aa1e-11dfa83cb228
|i d4909a37-1d2e-3507-bcbd-d677c6673a36
|t 0
|
| 952 |
f |
f |
|p ric
|a Texas A&M University
|b Rellis Campus
|c Joint Library Facility
|d Remote Storage
|t 0
|e HD583 .D6
|h Library of Congress classification
|i unmediated -- volume
|m A14801057188
|
| 998 |
f |
f |
|a HD583 .D6
|t 0
|l Remote Storage
|